| 000 | 00932nam a2200253Ia 4500 | ||
|---|---|---|---|
| 001 | 21604 | ||
| 005 | 20260416141623.0 | ||
| 008 | 260320s9999||||xx |||||||||||||| ||und|| | ||
| 020 | _a968422849X | ||
| 041 | _aESP | ||
| 082 |
_a658.8 _bS36 |
||
| 100 |
_aSeglin, Jeffrey L., _eAUT |
||
| 245 | 0 | _aCurso de mercadotecnia McGraw-Hill 36 horas | |
| 250 | _aPrimera edición | ||
| 260 |
_aMéxico : _bMcGraw-Hill/ Interamericana de México, _c1991 |
||
| 300 |
_a260, 18 páginas : _bcuadros, tablas ; _c21 cm. |
||
| 650 | _aTCA | ||
| 653 | _aMercadotecnia | ||
| 654 | _aCAN | ||
| 700 |
_aRosas Sánchez, Rosa María, _cTRA |
||
| 856 |
_uhttps://0u20ywqv6-y-https-www-bibliotechnia-com-mx.itmsp.museknowledge.com/ _zVéase además: Base de datos BiblioTechnia |
||
| 856 |
_uhttps://0u20fwqv5-y-https-research-ebsco-com.itmsp.museknowledge.com/c/qxo6us/search _zVéase además: Base de datos EBSCOhost |
||
| 942 |
_cLIB _dJUS _fMAT _2ddc |
||
| 999 |
_c21604 _d21604 |
||